Tangaza University Library

Our way to the Father : (Record no. 64866)

MARC details
000 -LEADER
fixed length control field 010000000a22002170004500
001 - CONTROL NUMBER
control field 058435
003 - CONTROL NUMBER IDENTIFIER
control field OSt
005 - DATE AND TIME OF LATEST TRANSACTION
control field 20091111103814.0
008 - FIXED-LENGTH DATA ELEMENTS--GENERAL INFORMATION
fixed length control field 091111t xxu||||| |||| 00| 0 eng d
050 ## - LIBRARY OF CONGRESS CALL NUMBER
Classification number BX 2170 .C55K7
100 ## - MAIN ENTRY--PERSONAL NAME
Personal name Krenz, Leo M.
245 ## - TITLE STATEMENT
Statement of responsibility, etc Leo M. Krenz
Title Our way to the Father :
260 ## - PUBLICATION, DISTRIBUTION, ETC. (IMPRINT)
Place of publication, distribution, etc Milwaukee
Name of publisher, distributor, etc The Bruce Publishing company
Date of publication, distribution, etc 1950
300 ## - PHYSICAL DESCRIPTION
Extent p. cm
550 ## - ISSUING BODY NOTE
Issuing body note Tangaza Mary Immaculate Library
942 ## - ADDED ENTRY ELEMENTS (KOHA)
Koha item type Book
Source of classification or shelving scheme Library of Congress Classification
Holdings
Withdrawn status Lost status Not for loan Home library Current library Shelving location Date acquired Total Checkouts Full call number Barcode Date last seen Price effective from Koha item type Public note
      MARY IMMACULATE LIBRARY MARY IMMACULATE LIBRARY Open Shelf 11/11/2009   BX 2170 .C55K7 MIL-49396 15/06/2010 13/08/2008 Book Volume IV
      MARY IMMACULATE LIBRARY MARY IMMACULATE LIBRARY Open Shelf 11/11/2009   BX 2170 .C55K7 MIL-49395 15/06/2010 11/11/2009 Book Volume III
      MARY IMMACULATE LIBRARY MARY IMMACULATE LIBRARY Open Shelf 11/11/2009   BX 2170 .C55K7 MIL-49394 15/06/2010 11/11/2009 Book  
      MARY IMMACULATE LIBRARY MARY IMMACULATE LIBRARY Open Shelf 11/11/2009   BX 2170 .C55 K7 MIL-49393 15/06/2010 11/11/2009 Book  

© Tangaza University Library, Langata South Road P.O Box 15055 00509 Nairobi Kenya
Tel: 0722 204 724 Fax: +254 20 8890018